00313nam a2200133Ia 4500008004100000082001000041245001800051250000600069260003800075300000800113630001800121700002200139730001800161090124s9999 xx 000 0 und d b35518 aSERGEI ORLOV  a0 b"RADUGA PUBLISHERS, MOSCOW"c1987 a189 aSERGEI ORLOV  aZAITSEV VLADISLAV aSERGEI ORLOV